20 największych państw świata - Statystyki

Ogólne statystyki
  • Ten quiz został rozwiązany 78 razy
  • Średni wynik to 17 z 20
Statystyki odpowiedzi
Hint Odpowiedź % Poprawnych
3.(9 596 960 km²) Chiny
100%
2.(9 984 670 km²) Kanada
100%
1.(17 098 242 km²) Rosja
100%
4.(9 536 935 km²) Stany Zjednoczone
100%
5.(8 515 767 km²) Brazylia
97%
7.(3 287 263 km²) Indie
97%
6.(7 682 905 km²) Australia
95%
8.(2 780 400 km²) Argentyna
94%
9.(2 724 900 km²) Kazachstan
92%
13.(1 964 375 km²) Meksyk
90%
12.(2 149 690 km²) Arabia Saudyjska
87%
10.(2 381 741 km²) Algieria
83%
11.(2 344 858 km²) Demokratyczna Republika Konga
83%
18.(1 564 116 km²) Mongolia
83%
14.(1 904 569 km²) Indonezja
76%
17.(1 648 195 km²) Iran
71%
15.(1 861 484 km²) Sudan
67%
20.(1 284 000 km²) Czad
62%
16.(1 759 540 km²) Libia
60%
19.(1 285 216 km²) Peru
60%
Nie znaleziono quizów pasujących do podanych kryteriów
Rozkład punktacji
Procent ludzi z każdym wynikiem
Percentyl według liczby udzielonych odpowiedzi
Twoja historia wyników
Nie rozwiązałeś tego quizu